Statistics for Crossword country

Click here to take the quiz!

General Stats

  • This quiz has been taken 136 times
  • The average score is 28 of 47

Answer Stats

HintRUUUCJFSSFNANIHGYSSRCIICENNGPOYYIINSDBEAMTMBPCHD% Correct
Chin + aChina
100%
UKraine - e - rainUK
100%
F + ๐Ÿƒ + ceFrance
99%
Ja + ๐ŸณJapan
99%
U + S + AUSA
99%
Is the biggest country in the worldRussia
98%
UK + rain + eUKraine
98%
Can + adaCanada
78%
Siuuuuuuuuuuuuuuuu + danSudan
77%
๐Ÿฅถ + โ›ท๏ธ denSweden
77%
Rome + an + iaaaaaaaaaaRomania
76%
eeGecrGreece
75%
_____ KoreaNorth Korea
75%
๐ŸŸฉโฌœ๐ŸŸฅItaly
74%
_____ KoreaSouth Korea
74%
Ye ___Yemen
71%
S + ow + th + siuuuuuuuuuuuuuuuu + danSouth Sudan
70%
Pleas can you buy this bra for me AzilBrazil
69%
Mex can you make an icon for our shop monopMexico
68%
I ___Iran
67%
๐ŸŸฅโฌœ๐ŸŸฅ๐ŸŸฅ
โฌœโฌœโฌœโฌœ
๐ŸŸฅโฌœ๐ŸŸฅ๐ŸŸฅ
Denmark
65%
Can we have this hai TiHaiti
64%
S + ๐Ÿ˜ตSpain
64%
Al sit here GeriaAlgeria
62%
๐ŸงŠ + ๐Ÿ–๏ธIceland
61%
๐Ÿ‡ฌ๐Ÿ‡ง๐ŸŸฆ๐ŸŸฆ๐ŸŸฆ๐ŸŸฆ
๐ŸŸฆ๐ŸŸฆ๐ŸŸฆโšช๐ŸŸฆ
๐ŸŸฆ๐ŸŸฆโšช๐ŸŸฆโšช
๐ŸŸฆ๐ŸŸฆ๐ŸŸฆ๐ŸŸฆ๐ŸŸฆ
Australia
59%
Wow someone left a pea for me... Ru!Peru
57%
๐Ÿ‡ฌ๐Ÿ‡ง๐ŸŸฆ๐ŸŸฆ๐Ÿ”ด๐ŸŸฆ
๐ŸŸฆ๐Ÿ”ด๐ŸŸฆ๐ŸŸฆ๐ŸŸฆ
๐ŸŸฆ๐ŸŸฆ๐ŸŸฆ๐Ÿ”ด๐ŸŸฆ
๐ŸŸฆ๐ŸŸฆ๐Ÿ”ด๐ŸŸฆ๐ŸŸฆ
New Zealand
53%
Please can we get a cub... Please I want a Good cub ๐ŸฅบCuba
50%
๐Ÿฆˆ + ๐Ÿ–๏ธFinland
49%
_______ people might be luckyIreland
49%
โŒ + r + โคด๏ธNorway
46%
That man called this country ____Iraq
45%
Let's go To the gonem shopTogo
45%
In AfricaEgypt
44%
Giga____Chad
42%
In EuropeGermany
42%
In EuropePoland
36%
๐Ÿ‡พ๐Ÿ‡ช๐Ÿ‡พ๐Ÿ‡ช๐Ÿ‡พ๐Ÿ‡ช๐Ÿ‡พ๐Ÿ‡ช๐Ÿ‡พ๐Ÿ‡ช๐Ÿ‡พ๐Ÿ‡ช๐Ÿ‡พ๐Ÿ‡ช๐Ÿ‡พ๐Ÿ‡ช๐Ÿ‡พ๐Ÿ‡ช๐Ÿ‡พ๐Ÿ‡ช
๐Ÿ‡พ๐Ÿ‡ช๐Ÿ‡พ๐Ÿ‡ช๐Ÿ‡พ๐Ÿ‡ช๐Ÿ‡พ๐Ÿ‡ช๐Ÿ‡ช๐Ÿ‡ช๐Ÿ‡พ๐Ÿ‡ช๐Ÿ‡พ๐Ÿ‡ช๐Ÿ‡พ๐Ÿ‡ช๐Ÿ‡พ๐Ÿ‡ช๐Ÿ‡พ๐Ÿ‡ช
๐Ÿ‡พ๐Ÿ‡ช๐Ÿ‡พ๐Ÿ‡ช๐Ÿ‡พ๐Ÿ‡ช๐Ÿ‡พ๐Ÿ‡ช๐Ÿ‡พ๐Ÿ‡ช๐Ÿ‡พ๐Ÿ‡ช๐Ÿ‡พ๐Ÿ‡ช๐Ÿ‡พ๐Ÿ‡ช๐Ÿ‡พ๐Ÿ‡ช๐Ÿ‡พ๐Ÿ‡ช
๐Ÿ‡พ๐Ÿ‡ช๐Ÿ‡พ๐Ÿ‡ช๐Ÿ‡พ๐Ÿ‡ช๐Ÿ‡พ๐Ÿ‡ช๐Ÿ‡พ๐Ÿ‡ช๐Ÿ‡พ๐Ÿ‡ช๐Ÿ‡พ๐Ÿ‡ช๐Ÿ‡พ๐Ÿ‡ช๐Ÿ‡พ๐Ÿ‡ช๐Ÿ‡พ๐Ÿ‡ช
Estonia
35%
In AfricaNiger
34%
In AfricaNigeria
33%
๐Ÿ‡ฎ๐Ÿ‡ท๐Ÿ‡ฎ๐Ÿ‡ท๐Ÿ‡ฎ๐Ÿ‡ท๐Ÿ‡ฎ๐Ÿ‡ท๐Ÿ‡ฎ๐Ÿ‡ท๐Ÿ‡ฎ๐Ÿ‡ท๐Ÿ‡ฎ๐Ÿ‡ท๐Ÿ‡ฎ๐Ÿ‡ท๐Ÿ‡ฎ๐Ÿ‡ท๐Ÿ‡ฎ๐Ÿ‡ท
๐Ÿ‡ฎ๐Ÿ‡ท๐Ÿ‡ฎ๐Ÿ‡ท๐Ÿ‡ฎ๐Ÿ‡ท๐Ÿ‡ฎ๐Ÿ‡ท๐Ÿ‡ฎ๐Ÿ‡ท๐Ÿ‡ฎ๐Ÿ‡ท๐Ÿ‡ฎ๐Ÿ‡ท๐Ÿ‡ฎ๐Ÿ‡ท๐Ÿ‡ฎ๐Ÿ‡ท๐Ÿ‡ฎ๐Ÿ‡ท
๐Ÿ‡ฎ๐Ÿ‡ท๐Ÿ‡ฎ๐Ÿ‡ท๐Ÿ‡ฎ๐Ÿ‡ท๐Ÿ‡ฎ๐Ÿ‡ท๐Ÿ‡ฎ๐Ÿ‡ท๐Ÿ‡ฎ๐Ÿ‡ท๐Ÿ‡ฎ๐Ÿ‡ท๐Ÿ‡ฎ๐Ÿ‡ท๐Ÿ‡ฎ๐Ÿ‡ท๐Ÿ‡ฎ๐Ÿ‡ท
๐Ÿ‡ฎ๐Ÿ‡ท๐Ÿ‡ฎ๐Ÿ‡ท๐Ÿ‡ฎ๐Ÿ‡ท๐Ÿ‡ง๐Ÿ‡พ๐Ÿ‡ฎ๐Ÿ‡ท๐Ÿ‡ฎ๐Ÿ‡ท๐Ÿ‡ฎ๐Ÿ‡ท๐Ÿ‡ฎ๐Ÿ‡ท๐Ÿ‡ฎ๐Ÿ‡ท๐Ÿ‡ฎ๐Ÿ‡ท
Belarus
32%
Mama can I sit In the li chairMali
30%
Creeper ____Oman
30%
๐ŸŽ๐Ÿฅญ๐Ÿˆ๐Ÿ‰๐Ÿ‘๐Ÿ๐ŸŒฝ๐Ÿ†๐Ÿฅฆ๐Ÿฅ•Hungary
26%
๐Ÿ˜ณDemocratic Republic of the congo
20%
๐Ÿ—Yurkey
4%

Score Distribution

Percentile by Number Answered

Percent of People with Each Score

Your Score History

You have not taken this quiz